000 00408nam a2200169Ia 4500
001 295
005 20260306122753.0
008 260306t2018||||xx |||||||||||||| ||spa||
041 _aESP
082 _a016.985
_bA69
100 _aArenas Herrera, Jesús
_eAUT
245 0 _aFuentes bibliográficas lambayecanas Siglos XVI-XXI
260 _c2018
650 _aGEN
654 _aCHU
942 _cLIB
_dJUS
_fJUS
_2ddc
_n
999 _c295
_d295